[Event "Titled Tuesday intern op 20th Sep Late"]
[Site "Chess.com INT"]
[Date "2022.09.20"]
[Round "2"]
[White "Kalogeris, Ioannis"]
[Black "Sibilio, Mario"]
[Result "1-0"]
[WhiteElo "2412"]
[BlackElo "2279"]
[PlyCount "91"]
[EventDate "2022.09.20"]
[EventType "swiss (blitz)"]
[EventRounds "11"]
[EventCountry "USA"]
[SourceTitle "EXT 2023"]
[Source "ChessBase"]
[SourceDate "2022.10.05"]
[SourceVersion "1"]
[SourceVersionDate "2022.10.05"]
[SourceQuality "1"]

1. e4 g6 2. Nf3 Bg7 3. d4 e6 4. h4 h6 5. e5 d6 6. Bf4 Nc6 7. Bd3 Nge7 8. Nbd2 Nf5 9. Nb3 Ncxd4 10. Nbxd4 Nxd4 11. Nxd4 dxe5 12. Bb5+ Bd7 13. Nxe6 fxe6 14. Qxd7+ Qxd7 15. Bxd7+ Kxd7 16. Be3 e4 17. 0-0-0+ Kc6 18. Bd4 e5 19. Be3 Rad8 20. Rh3 Rxd1+ 21. Kxd1 Rf8 22. Rg3 Rf6 23. Rg4 Kd5 24. b3 b5 25. a4 bxa4 26. c4+ Ke6 27. bxa4 Kf5 28. Rg3 Ra6 29. Kc2 Rxa4 30. Kb3 Ra1 31. Rh3 Rg1 32. Rg3 a5 33. Ka4 Ra1+ 34. Kb5 a4 35. c5 a3 36. Kb4 a2 37. Kb3 Bf6 38. Kb2 Rg1 39. Kxa2 Bxh4 40. Rh3 Bg5 41. Bxg5 hxg5 42. Rg3 Rc1 43. Kb3 Rxc5 44. Rh3 Rc1 45. Rh7 Rg1 46. g3 1-0

[Event "Titled Tuesday intern op 20th Sep Late"]
[Site "Chess.com INT"]
[Date "2022.09.20"]
[Round "10"]
[White "Sibilio, Mario"]
[Black "Shapiro, Daniel E"]
[Result "0-1"]
[WhiteElo "2279"]
[BlackElo "2284"]
[PlyCount "62"]
[EventDate "2022.09.20"]
[EventType "swiss (blitz)"]
[EventRounds "11"]
[EventCountry "USA"]
[SourceTitle "EXT 2023"]
[Source "ChessBase"]
[SourceDate "2022.10.05"]
[SourceVersion "1"]
[SourceVersionDate "2022.10.05"]
[SourceQuality "1"]

1. e4 c5 2. Nf3 e6 3. b3 d6 4. Bb2 Nc6 5. d4 cxd4 6. Nxd4 Bd7 7. Nc3 Nf6 8. Nxc6 Bxc6 9. Bd3 a6 10. 0-0 Be7 11. Qe2 0-0 12. f4 e5 13. Rad1 Qb6+ 14. Kh1 Rfe8 15. Bc4 Rac8 16. Rf3 Qc5 17. fxe5 dxe5 18. Nd5 Bxd5 19. exd5 b5 20. Bd3 e4 21. Bxe4 Nxe4 22. Qxe4 Qxc2 23. Qd4 Bf6 24. Rxf6 gxf6 25. Rf1 Re2 26. Qg4+ Kf8 27. Bxf6 Rf2 28. Qg7+ Ke8 29. Qg8+ Kd7 30. Qxf7+ Kd6 31. Qe6+ Kc7 0-1

[Event "Titled Tuesday intern op 20th Sep Late"]
[Site "Chess.com INT"]
[Date "2022.09.20"]
[Round "4"]
[White "Sibilio, Mario"]
[Black "Tillyaev, Ulugbek"]
[Result "0-1"]
[WhiteElo "2279"]
[BlackElo "2313"]
[PlyCount "76"]
[EventDate "2022.09.20"]
[EventType "swiss (blitz)"]
[EventRounds "11"]
[EventCountry "USA"]
[SourceTitle "EXT 2023"]
[Source "ChessBase"]
[SourceDate "2022.10.05"]
[SourceVersion "1"]
[SourceVersionDate "2022.10.05"]
[SourceQuality "1"]

1. d4 c5 2. d5 e5 3. e4 d6 4. Nc3 g6 5. Bb5+ Bd7 6. a4 Bg7 7. Nf3 a6 8. Be2 Ne7 9. Nd2 0-0 10. Nc4 Be8 11. 0-0 Nc8 12. f4 exf4 13. Bxf4 Qe7 14. Qd2 Nd7 15. Rae1 b6 16. Bg5 f6 17. Bf4 Rb8 18. Bg4 b5 19. axb5 axb5 20. Be6+ Bf7 21. Bxf7+ Rxf7 22. Na5 Qe8 23. Nc6 Rb7 24. Qe2 b4 25. Nb5 Ne5 26. Bxe5 fxe5 27. Rxf7 Rxf7 28. Rf1 Bh6 29. g3 Rb7 30. Kg2 Bf8 31. Rf6 Qd7 32. h4 Bg7 33. Re6 Rb6 34. h5 Rxc6 35. hxg6 hxg6 36. Qg4 Rb6 37. Qxg6 Ne7 38. Qg5 Kf8 0-1

[Event "Titled Tuesday intern op 20th Sep Late"]
[Site "Chess.com INT"]
[Date "2022.09.20"]
[Round "11"]
[White "Tarnowska, Aleksandra"]
[Black "Sibilio, Mario"]
[Result "0-1"]
[WhiteElo "1876"]
[BlackElo "2279"]
[PlyCount "56"]
[EventDate "2022.09.20"]
[EventType "swiss (blitz)"]
[EventRounds "11"]
[EventCountry "USA"]
[SourceTitle "EXT 2023"]
[Source "ChessBase"]
[SourceDate "2022.10.05"]
[SourceVersion "1"]
[SourceVersionDate "2022.10.05"]
[SourceQuality "1"]

1. e4 d6 2. d4 g6 3. f4 Bg7 4. c4 Nc6 5. Be3 Nf6 6. Nc3 Ng4 7. Qd2 Nxe3 8. Qxe3 Bxd4 9. Qd2 0-0 10. Nf3 e5 11. Be2 Bg4 12. h3 Bxf3 13. gxf3 Qh4+ 14. Kd1 Bxc3 15. Qxc3 Qxf4 16. h4 h5 17. Rc1 Nd4 18. Ke1 f5 19. exf5 Rxf5 20. Rg1 Qxh4+ 21. Kd2 Qf6 22. Rcf1 Rf8 23. Rg3 h4 24. Rg4 Rf4 25. Qd3 Kg7 26. Rfg1 Rxg4 27. Rxg4 Nxf3+ 28. Bxf3 Qf5 0-1

[Event "Titled Tuesday intern op 09th Aug Late"]
[Site "Chess.com INT"]
[Date "2022.08.09"]
[Round "3"]
[White "Ferriz Barrios, Andres"]
[Black "Sibilio, Mario"]
[Result "0-1"]
[WhiteElo "2102"]
[BlackElo "2279"]
[PlyCount "62"]
[EventDate "2022.08.09"]
[EventType "swiss (blitz)"]
[EventRounds "11"]
[EventCountry "USA"]
[SourceTitle "EXT 2023"]
[Source "ChessBase"]
[SourceDate "2022.10.05"]
[SourceVersion "1"]
[SourceVersionDate "2022.10.05"]
[SourceQuality "1"]

1. d4 Nf6 2. Nf3 e6 3. e3 c5 4. c3 Nc6 5. Nbd2 b6 6. Bd3 Bb7 7. 0-0 Rc8 8. Re1 d5 9. Qe2 Be7 10. dxc5 Bxc5 11. b4 Be7 12. Bb2 0-0 13. e4 dxe4 14. Nxe4 Nd5 15. g3 a5 16. a3 h6 17. Rad1 axb4 18. cxb4 Qc7 19. Ned2 Rfd8 20. Qe4 Nf6 21. Bxf6 Bxf6 22. Qh7+ Kf8 23. Ne4 Ne5 24. Nxe5 Bxe5 25. f4 Bd4+ 26. Kf1 Qc6 27. Rc1 Qd5 28. Rxc8 Rxc8 29. Re2 Rc1+ 30. Kg2 Rg1+ 31. Kf3 Qh5+ 0-1

[Event "Titled Tuesday intern op 09th Aug Late"]
[Site "Chess.com INT"]
[Date "2022.08.09"]
[Round "6"]
[White "Janaszak, Dawid"]
[Black "Sibilio, Mario"]
[Result "1-0"]
[WhiteElo "2331"]
[BlackElo "2279"]
[PlyCount "103"]
[EventDate "2022.08.09"]
[EventType "swiss (blitz)"]
[EventRounds "11"]
[EventCountry "USA"]
[SourceTitle "EXT 2023"]
[Source "ChessBase"]
[SourceDate "2022.10.05"]
[SourceVersion "1"]
[SourceVersionDate "2022.10.05"]
[SourceQuality "1"]

1. Nc3 Nf6 2. e4 d6 3. d4 g6 4. Bg5 Bg7 5. Qd2 h6 6. Bf4 Nc6 7. Nf3 g5 8. Bg3 Nh5 9. d5 Nb8 10. Bd3 c5 11. 0-0 0-0 12. Nd1 Nxg3 13. hxg3 e6 14. Ne3 exd5 15. exd5 Bxb2 16. Rab1 Bg7 17. Bf5 Nd7 18. Nc4 Nb6 19. Bxc8 Qxc8 20. Rxb6 axb6 21. Nxb6 Qf5 22. Nxa8 Rxa8 23. c4 Ra3 24. Re1 Kh7 25. Kh2 Bf6 26. Re8 g4 27. Nh4 Bxh4 28. gxh4 Rd3 29. Qe2 Qf4+ 30. g3 Qf3 31. Qxf3 Rxf3 32. Kg2 Kg6 33. Rb8 Rc3 34. Rxb7 Rxc4 35. Rb6 Rd4 36. Rxd6+ Kf5 37. Rxh6 c4 38. Rc6 Ke5 39. d6 Kd5 40. Rc7 Kxd6 41. Rxf7 c3 42. Rf8 Kd7 43. Rf7+ Kc8 44. Rf8+ Kb7 45. Rf5 Kb6 46. Rf8 Rc4 47. Rb8+ Kc7 48. Rb1 c2 49. Rc1 Kc6 50. Kf1 Kb5 51. Ke2 Kb4 52. Kd3 1-0

[Event "Titled Tuesday intern op 09th Aug Late"]
[Site "Chess.com INT"]
[Date "2022.08.09"]
[Round "9"]
[White "Sanchez, Roberto Daniel"]
[Black "Sibilio, Mario"]
[Result "1-0"]
[WhiteElo "1966"]
[BlackElo "2279"]
[PlyCount "95"]
[EventDate "2022.08.09"]
[EventType "swiss (blitz)"]
[EventRounds "11"]
[EventCountry "USA"]
[SourceTitle "EXT 2023"]
[Source "ChessBase"]
[SourceDate "2022.10.05"]
[SourceVersion "1"]
[SourceVersionDate "2022.10.05"]
[SourceQuality "1"]

1. Nf3 c5 2. e3 g6 3. c4 Bg7 4. Nc3 Nf6 5. b3 d6 6. Bb2 e5 7. d3 0-0 8. Be2 Nc6 9. 0-0 h6 10. a3 Be6 11. Re1 Rc8 12. Rc1 b6 13. Qc2 d5 14. Qb1 d4 15. exd4 exd4 16. Ne4 Nh5 17. Bf1 Qd7 18. b4 f5 19. Ng3 Nf4 20. b5 Nd8 21. Rcd1 Qd6 22. Bc1 Bd7 23. Qc2 Nf7 24. Qd2 g5 25. Qc2 Ng6 26. Re2 Rfe8 27. Rde1 Rxe2 28. Rxe2 Nfe5 29. Nxe5 Bxe5 30. Qd1 Bf4 31. Re1 Re8 32. Rxe8+ Bxe8 33. Ne2 Bxc1 34. Qxc1 Kf7 35. g3 f4 36. Bg2 Bd7 37. Be4 fxg3 38. hxg3 Ne5 39. Kg2 Kg7 40. Qh1 Bg4 41. f3 Be6 42. Qh5 Bf7 43. Qh3 g4 44. fxg4 Be6 45. Bf5 Bxf5 46. gxf5 Nxd3 47. Qg4+ Kf8 48. Qe4 1-0